| 000 | 00608nam a2200169 a 4500 | ||
|---|---|---|---|
| 001 | 000040717 | ||
| 005 | 20201002034327.0 | ||
| 008 | 130905s2008 sp ac 000 0 spa d | ||
| 020 | _a9788496045354 | ||
| 040 |
_aDO-SdBNP _bspa _cBNPHU |
||
| 100 | 1 |
_aNúñez Alarcón, Alcides A. _967107 |
|
| 245 | 1 | 3 |
_aLa Guachipupa Tibia / _cAlcides A. Núñez Alarcón ; prólogo Agustín País García. |
| 260 |
_aMadrid : _bPliegos, _c2008. |
||
| 300 |
_a523 p. : _bils., retrs. ; _c22 cm. |
||
| 500 | _aIncluye datos biográficos del autor en la solapa de la cubierta | ||
| 700 | 1 |
_aPaís García, Agustín, _epról. _967108 |
|
| 999 |
_c40207 _d40207 |
||